000 00750cab a2200241 4500
001 WB3043-081
008 090401t1994 xxu||||| |||| 00| 0 eng d
035 _a(Sirsi) u56577
041 _aeng
245 _aPlanning to boost London economy
260 _c1994
350 _a0
490 _aDoE News Release
_v(649) 17 November 1994, (2)
520 _aA research contract has been awarded to Arup Economics and Planning by the Government Office for London to examine how the planning system can be used to stimulate London`s competitiveness.
650 _aECONOMY
650 _aLONDON
650 _aPLANNING SYSTEM
650 _aRESEARCH
650 _aRPG3
690 _aPLANNING LAW AND PRACTICE
942 _n0
948 _c04/03/1997
999 _c34514
_d34514